Nghệ thuật ứng xử của người Việt Nam
Giới thiệu truyền thống ứng xử của người Việt; các bình diện ứng xử của người Việt. Đề cập đến ứng xử truyền thống và hiện đại.
Đã lưu trong:
| Tác giả chính: | |
|---|---|
| Định dạng: | Sách |
| Năm xuất bản: |
H.
Văn hóa thông tin
1996
|
| Chủ đề: | |
| Tags: |
Thêm thẻ
Không có thẻ, Hãy là người đầu tiên gắn thẻ bản ghi này!
|
| LEADER | 00720nam a2200157 4500 | ||
|---|---|---|---|
| 082 | |a 302.2 |b PH104M | ||
| 100 | |a Phạm Minh Thảo | ||
| 245 | |a Nghệ thuật ứng xử của người Việt Nam |c Phạm Minh Thảo | ||
| 260 | |a H. |b Văn hóa thông tin |c 1996 | ||
| 300 | |a 162 tr. |c 20 cm. | ||
| 520 | |a Giới thiệu truyền thống ứng xử của người Việt; các bình diện ứng xử của người Việt. Đề cập đến ứng xử truyền thống và hiện đại. | ||
| 653 | |a Giao tiếp | ||
| 653 | |a Việt Nam | ||
| 942 | |2 ddc |c SH | ||
| 999 | |c 8723 |d 8723 | ||
| 952 | |0 0 |1 0 |2 ddc |4 0 |6 302_200000000000000_PH104M |7 0 |8 300 |9 71464 |a qbu |b qbu |c D2 |d 2015-04-25 |g 20000 |o 302.2 PH104M |p 8891.c1 |r 0000-00-00 |w 2015-04-25 |y SH | ||